00654nam a22001937a 4500003000400000005001700004020001500021040000600036082002500042100002100067245008200088250000900170260003200179300001200211651009300223942001200316999001700328952011500345OSt20170105102936.0 a355.033073 a0 a355.033073bSAR 2008 aSarkesian, Sam C aUS National Security bPolicymakers, Processes and PoliticscSam C. Sarkesian a4th  aNew DelhibViva Booksc2008 ax,331p  aThe National Security Establishment, The National security System and the policy process 2ddccBK c16261d16261 001040708NFICaCIPSbCIPScGENd2016-03-14l0o355.033073 SAR 2008pCIPS0002786r2016-03-14w2016-03-14yBK